Valtiot, joilla on lyhyimmät rantaviivat - Statistics

Yleistilastot
  • Tätä visaa on pelattu 396 kertaa
  • Keskiarvotulos 10 / 20
Vastaustilastot
Pituus Alue Valtio % Oikein
4 km Eurooppa Monaco
92%
20 km Eurooppa Bosnia ja Hertsegovina
74%
47 km Eurooppa Slovenia
69%
30 km Oseania Nauru
66%
24 km Oseania Tuvalu
59%
158 km Amerikka Saint Lucia
55%
84 km Amerikka Saint Vincent ja Grenadiinit
54%
67 km Eurooppa Belgia
53%
135 km Amerikka Saint Kitts ja Nevis
53%
56 km Afrikka Togo
53%
80 km Afrikka Gambia
51%
121 km Afrikka Benin
49%
90 km Eurooppa Liettua
49%
121 km Amerikka Grenada
48%
97 km Amerikka Barbados
46%
153 km Amerikka Antigua ja Barbuda
45%
148 km Amerikka Dominica
45%
26 km Aasia Jordania
26%
37 km Afrikka Kongon demokraattinen tasavalta
26%
58 km Aasia Irak
24%
Ehtoja vastaavia visoja ei löytynyt
Tulosjakauma
Jokaisen tuloksen saaneiden osuus
Persentiili vastausten määrän mukaan
Tuloshistoriasi
Et ole pelannut tätä visaa